Normal view
MARC view
- Meigs,Robert F., Walter B. Meigs
Entry Personal Name
001 - CONTROL NUMBER
- control field: 6781
003 - CONTROL NUMBER IDENTIFIER
- control field: JO-AjAnu
005 - DATE AND TIME OF LATEST TRANSACTION
- control field: 20230606071411.0
008 - FIXED-LENGTH DATA ELEMENTS
- fixed length control field: 230606|| aca||aabn | a|a d
040 ## - CATALOGING SOURCE
- Original cataloging agency: JO-AjAnu
- Transcribing agency: JO-AjAnu
100 ## - HEADING--PERSONAL NAME
- Personal name: Meigs,Robert F., Walter B. Meigs
670 ## - SOURCE DATA FOUND
- Source citation: Work cat.: (JO-AjAnu)3515: Meigs,Robert F., Walter B. Meigs, author, Accounting: The Basis for Business Decisions